Памятники народного творчества осетин. Вып.2: Дигорское народное творчество в записи Михаила Гарданти (Запись № 13485240)

Подробности
000 -МАРКЕР
контрольное поле 01093nam2a22002291 4500
001 - ИДЕНТИФИКАТОР ЗАПИСИ
контрольное поле RU\NLR\A1SV\97067
005 - ИДЕНТИФИКАТОР ВЕРСИИ
контрольное поле 20251203152403.2
035 ## - ДРУГИЕ СИСТЕМНЫЕ НОМЕРА
Идентификатор записи (NLR Aleph) 009778420
100 ## - ДАННЫЕ ОБЩЕЙ ОБРАБОТКИ
Данные общей обработки 20090722d1927 u y0rusy50 ca
101 0# - ЯЗЫК РЕСУРСА
Язык текста, звукозаписи и т.д. русский
200 1# - ЗАГЛАВИЕ И СВЕДЕНИЯ ОБ ОТВЕТСТВЕННОСТИ
Основное заглавие Дигорское народное творчество в записи Михаила Гарданти
Первые сведения об ответственности Предисл., пер. на рус. яз. и примеч. Гр. А. Дзагурова (Губади Дзагурти)
210 ## - ПУБЛИКАЦИЯ, РАСПРОСТРАНЕНИЕ И ДР.
Дата издания, распространения и т.д. 1927
215 ## - ФИЗИЧЕСКАЯ ХАРАКТЕРИСТИКА
Специфическое обозначение материала и объем XV, 188, 158 с.
Другие сведения о физической характеристике ил.
300 ## - ОБЩИЕ ПРИМЕЧАНИЯ
Текст примечания Текст на рус. и осетин. яз.
461 #1 - УРОВЕНЬ НАБОРА
Встроенное поле 001RU\NLR\A1SV\97065
-- 2000#$aПамятники народного творчества осетин$vВып.2
Системный номер (АБИС) связанной записи 10085465
Место публикации Владикавказ
Дата публикации 1925-1928
Имя издателя, распространителя и т.д. Осетин. науч.-исслед. ин-т краеведения
Заглавие Памятники народного творчества осетин
Номер тома Вып.2
702 #1 - ИМЯ ЛИЦА - ВТОРИЧНАЯ ОТВЕТСТВЕННОСТЬ
Начальный элемент ввода Гардань
Часть имени, кроме начального элемента ввода М.
Расширение инициалов личного имени Михаил
801 #0 - ИСТОЧНИК ЗАПИСИ
Страна Российская Федерация
Организация NLR
Дата составления 20090722
942 ## - ДОПОЛНИТЕЛЬНЫЕ ЭЛЕМЕНТЫ ЗАПИСИ (АБИС)
Тип экземпляра АБИС Книга
980 ## - КОЛЛЕКЦИЯ
Название коллекции Международный сводный каталог русской книги (1918-1926)
980 ## - КОЛЛЕКЦИЯ
Название коллекции Национальная библиография

Нет доступных экземпляров.